[Event "Cleveland op"]
[Site "Cleveland"]
[Date "2003.01.25"]
[Round "2"]
[White "Trottier, Alain"]
[Black "Laws, Darren"]
[Result "0-1"]
[WhiteElo "1568"]
[BlackElo "1616"]
[PlyCount "26"]
[EventDate "2003.01.24"]
[EventType "swiss"]
[EventRounds "5"]
[EventCountry "ENG"]
[SourceTitle "CBM 092 Extra"]
[Source "ChessBase"]
[SourceDate "2003.03.07"]
[SourceVersion "1"]
[SourceVersionDate "2003.03.07"]
[SourceQuality "1"]

1. e4 Nc6 2. d4 d5 3. e5 Bf5 4. c3 e6 5. Nd2 f6 6. exf6 Nxf6 7. Ngf3 Qd7 8. Bb5 Bd6 9. Qe2 0-0 10. 0-0 a6 11. Bxc6 Qxc6 12. Ne4 Qe8 13. Re1 Nxe4 0-1